000 00684nam a2200253Ia 4500
005 20260121154823.0
008 008 260114s9999 xx 000 0 eng d
020 _a9781003035398
037 _aEBOOK
040 _aCRL
040 _beng
040 _cCRL
041 _2eng
041 _aeng
084 _qCRL
100 _a M. Jerold; A. Santhiagu; Rajulapati Sathish Babu; Narasimhulu Korapatti
_91011893
245 0 _aSustainable Bioprocessing for a Clean and Green Environment
260 _bTaylor and Francis
260 _c2021
856 _uhttp://www.taylorfrancis.com/books/9781003035398
942 _cEBOOK
999 _c1578712
_d1578712